000 00485 a2200169 4500
003 NUST
005 20230301173516.0
020 _a96953005503
040 _cNust
082 _a808.5,AHM
100 _aAhmad , Mirza Fiaz
_9109686
245 _aGuldasta-e- Taqareer / گلدستہ تقاریر (Urdu) /
_cMirza Fiaz Ahmed
260 _aRawalpindi
_bRomeel House Of Publications
_c2009
300 _a256:p.
650 _aUrdu Literature (Speeches)
_9109688
942 _2ddc
_cBK
_k808.5,AHM
999 _c188254
_d188254